[Event "Uljanovsk Povolje op"]
[Site "Uljanovsk"]
[Date "2014.08.31"]
[Round "9"]
[White "Pegov, Valery"]
[Black "Mikeev, Valery"]
[Result "1-0"]
[WhiteElo "1669"]
[BlackElo "1784"]
[PlyCount "36"]
[EventDate "2014.08.26"]
[EventType "swiss"]
[EventRounds "9"]
[EventCountry "RUS"]
[SourceTitle "CBM 162 Extra"]
[Source "ChessBase"]
[SourceDate "2014.10.17"]
[SourceVersion "1"]
[SourceVersionDate "2014.10.17"]
[SourceQuality "1"]

1. e4 e5 2. Nf3 Nc6 3. Bc4 Bc5 4. c3 Nf6 5. d4 exd4 6. cxd4 Bb4+ 7. Nc3 Nxe4 8. 0-0 Bxc3 9. bxc3 0-0 10. d5 Na5 11. Bd3 Nd6 12. Bxh7+ Kxh7 13. Ng5+ Kg6 14. h4 f5 15. h5+ Kf6 16. Qd4+ Ke7 17. Qxg7+ Rf7 18. Re1+ Ne4 1-0

[Event "Uljanovsk Sidorov Memorial"]
[Site "Uljanovsk"]
[Date "2014.07.19"]
[Round "7"]
[White "Mikeev, Valery"]
[Black "Goncharuk, Dmitry"]
[Result "1-0"]
[WhiteElo "1795"]
[BlackElo "1530"]
[PlyCount "52"]
[EventDate "2014.07.16"]
[EventType "swiss"]
[EventRounds "9"]
[EventCountry "RUS"]
[SourceTitle "CBM 161 Extra"]
[Source "ChessBase"]
[SourceDate "2014.08.29"]
[SourceVersion "1"]
[SourceVersionDate "2014.08.29"]
[SourceQuality "1"]

1. d4 Nf6 2. Nf3 e6 3. c4 d6 4. Nc3 b6 5. e4 Bb7 6. Qc2 h6 7. h3 Nbd7 8. Be3 g6 9. 0-0-0 Bg7 10. g4 Bf8 11. Rg1 Be7 12. Bg2 c6 13. e5 Ng8 14. Ne4 Qc7 15. Bf4 d5 16. Nd6+ Bxd6 17. exd6 Qd8 18. Ne5 Qf6 19. Qd2 Qd8 20. Rge1 Nxe5 21. Rxe5 dxc4 22. Rde1 Qd7 23. d5 0-0-0 24. dxe6 Qxd6 25. Qxd6 Rxd6 26. e7 Re6 1-0

[Event "Uljanovsk Sidorov Memorial"]
[Site "Uljanovsk"]
[Date "2014.07.18"]
[Round "6"]
[White "Peruhin, Anatoliy"]
[Black "Mikeev, Valery"]
[Result "1-0"]
[WhiteElo "1636"]
[BlackElo "1795"]
[PlyCount "83"]
[EventDate "2014.07.16"]
[EventType "swiss"]
[EventRounds "9"]
[EventCountry "RUS"]
[SourceTitle "CBM 161 Extra"]
[Source "ChessBase"]
[SourceDate "2014.08.29"]
[SourceVersion "1"]
[SourceVersionDate "2014.08.29"]
[SourceQuality "1"]

1. d4 d5 2. Nf3 Nf6 3. b3 e6 4. e3 Nbd7 5. Bb2 b6 6. Nbd2 c5 7. a4 cxd4 8. exd4 Bb7 9. Bd3 Be7 10. 0-0 0-0 11. Re1 Rc8 12. h3 h6 13. c3 Re8 14. Bb5 Rf8 15. Qe2 Rc7 16. b4 Qc8 17. Bd3 Nh7 18. Nf1 Qd8 19. a5 bxa5 20. Rxa5 Qb8 21. Rea1 Bc8 22. N1d2 Nb6 23. Nb3 Nf6 24. Ne5 Rd8 25. Nc5 Nbd7 26. Bc1 Nxe5 27. Qxe5 Bd6 28. Qe2 Re8 29. Bb5 Ree7 30. Bd2 e5 31. Qd3 exd4 32. cxd4 Bxc5 33. dxc5 Nd7 34. Qxd5 Bb7 35. c6 Nf6 36. Qf3 Bc8 37. g4 Be6 38. Bf4 Bd5 39. Bxc7 Qxc7 40. Qg3 Qb6 41. Bd3 Bxc6 42. b5 1-0

[Event "Uljanovsk Povolje op"]
[Site "Uljanovsk"]
[Date "2013.08.25"]
[Round "2"]
[White "Stepanova, Alla"]
[Black "Mikeev, Valery"]
[Result "0-1"]
[WhiteElo "1548"]
[BlackElo "1788"]
[PlyCount "94"]
[EventDate "2013.08.24"]
[EventType "swiss"]
[EventRounds "9"]
[EventCountry "RUS"]
[SourceTitle "CBM 156 Extra"]
[Source "ChessBase"]
[SourceDate "2013.10.22"]
[SourceVersion "1"]
[SourceVersionDate "2013.10.22"]
[SourceQuality "1"]

1. d4 Nf6 2. c4 g6 3. Nc3 Bg7 4. e4 d6 5. Nf3 0-0 6. Bd3 e5 7. d5 Nbd7 8. 0-0 h6 9. Ne1 Nh7 10. f4 exf4 11. Bxf4 Ne5 12. Be2 c6 13. Qd2 g5 14. Be3 c5 15. Nd3 Ng4 16. Bxg4 Bxg4 17. Rae1 Qe7 18. Bf2 b6 19. Bg3 f6 20. Nb5 Rfd8 21. b3 a6 22. Nc3 Bh5 23. Nd1 Bg6 24. N1f2 Qd7 25. Re3 h5 26. h4 Re8 27. Rfe1 Re7 28. Nh3 Rae8 29. Ndf2 b5 30. hxg5 fxg5 31. e5 dxe5 32. d6 Re6 33. Qd5 Qxd6 34. Qxd6 Rxd6 35. Bxe5 Rde6 36. Nd3 Bxd3 37. Rxd3 Rxe5 38. Rxe5 Rxe5 39. Rd8+ Kf7 40. Rd6 bxc4 41. bxc4 Re4 42. Rxa6 g4 43. Nf2 Bd4 44. Ra7+ Kg6 45. Ra6+ Nf6 46. g3 Re2 47. a4 Rxf2 0-1

[Event "Uljanovsk Povolje op"]
[Site "Uljanovsk"]
[Date "2011.08.28"]
[Round "6"]
[White "Mikeev, Valery"]
[Black "Saveliev, Dmitri"]
[Result "0-1"]
[WhiteElo "1875"]
[BlackElo "2149"]
[PlyCount "54"]
[EventDate "2011.08.25"]
[EventType "swiss"]
[EventRounds "9"]
[EventCountry "RUS"]
[SourceTitle "CBM 144 Extra"]
[Source "ChessBase"]
[SourceDate "2011.10.28"]
[SourceVersion "1"]
[SourceVersionDate "2011.10.28"]
[SourceQuality "1"]

1. d4 Nf6 2. c4 e6 3. Nf3 d5 4. Nc3 b6 5. e3 Bb7 6. Bd3 Be7 7. 0-0 0-0 8. Re1 Nbd7 9. b3 Rc8 10. Bb2 c5 11. Rc1 Qc7 12. Qe2 Rfd8 13. h3 Qb8 14. Ne5 dxc4 15. bxc4 cxd4 16. exd4 Nxe5 17. dxe5 Nd7 18. Qe3 g6 19. Ne2 Qa8 20. f3 Bc5 21. Bd4 Qb8 22. Rcd1 Nxe5 23. Bxc5 Rxc5 24. Nd4 Qc8 25. Nb3 Nxd3 26. Rxd3 Rxd3 27. Qxd3 Rxc4 0-1

[Event "Uljanovsk Volga op"]
[Site "Uljanovsk"]
[Date "2011.01.03"]
[Round "2"]
[White "Abramov, Pavel"]
[Black "Mikeev, Valery"]
[Result "1-0"]
[WhiteElo "2089"]
[BlackElo "1898"]
[PlyCount "145"]
[EventDate "2011.01.03"]
[EventType "swiss"]
[EventRounds "9"]
[EventCountry "RUS"]
[SourceTitle "CBM 140 Extra"]
[Source "ChessBase"]
[SourceDate "2011.03.01"]
[SourceVersion "1"]
[SourceVersionDate "2011.03.01"]
[SourceQuality "1"]

1. Nf3 Nf6 2. d4 e6 3. c4 d5 4. g3 c5 5. cxd5 cxd4 6. dxe6 Bxe6 7. Bg2 Nc6 8. 0-0 Be7 9. Nbd2 Qb6 10. b3 0-0 11. Bb2 Rfd8 12. Ne1 Bd5 13. Nd3 Bxg2 14. Kxg2 Qb5 15. Nf3 Ne4 16. Nf4 g5 17. Qd3 Qxd3 18. Nxd3 Bf6 19. Rfd1 Nc3 20. Rd2 Rd5 21. h3 a5 22. Nde1 Rad8 23. Nd3 Kg7 24. g4 h6 25. h4 Re8 26. Kf1 Re4 27. hxg5 hxg5 28. Nh2 Rd8 29. f3 Ree8 30. Kf2 Ne5 31. Nxe5 Bxe5 32. Nf1 Bf4 33. Rc2 Rc8 34. Bxc3 Rxc3 35. Rb2 Rec8 36. Rd1 Be5 37. Rbd2 b5 38. Ng3 Kg6 39. Nf5 Rd8 40. Nxd4 Bxd4+ 41. Rxd4 Rxd4 42. Rxd4 Rc2 43. Rd6+ f6 44. Rd5 Rxa2 45. Rxb5 a4 46. bxa4 Rxa4 47. Rb3 Ra2 48. Re3 Ra6 49. Kg3 f5 50. gxf5+ Kxf5 51. Re8 Ra1 52. e4+ Kf6 53. Rb8 Rg1+ 54. Kf2 Ra1 55. Rb6+ Kf7 56. Ke3 Ra3+ 57. Kf2 Ra1 58. Kg2 Rc1 59. Rd6 Ra1 60. Kf2 Rb1 61. Ke3 Re1+ 62. Kd4 Rf1 63. Rd5 Rxf3 64. Rxg5 Rf1 65. Ra5 Rd1+ 66. Ke5 Rd7 67. Kf5 Kg7 68. Ke6 Rf7 69. Rg5+ Kf8 70. Rf5 Rxf5 71. exf5 Ke8 72. f6 Kf8 73. f7 1-0

[Event "Uljanovsk Povolje op"]
[Site "Uljanovsk"]
[Date "2010.11.23"]
[Round "7"]
[White "Mikeev, Valery"]
[Black "Alekseev, Alexandr"]
[Result "0-1"]
[WhiteElo "1893"]
[BlackElo "2019"]
[PlyCount "112"]
[EventDate "2010.11.19"]
[EventType "swiss"]
[EventRounds "9"]
[EventCountry "RUS"]
[SourceTitle "CBM 139 Extra"]
[Source "ChessBase"]
[SourceDate "2011.01.05"]
[SourceVersion "1"]
[SourceVersionDate "2011.01.05"]
[SourceQuality "1"]

1. e4 g6 2. d4 Bg7 3. Nc3 a6 4. Be3 b5 5. a3 d6 6. Qd2 Nd7 7. Be2 Bb7 8. f3 e6 9. Nh3 Qe7 10. 0-0 c5 11. d5 Ngf6 12. Rae1 0-0 13. Bg5 Nb6 14. Nf2 Qc7 15. Bxf6 Bxf6 16. Ng4 Bd4+ 17. Kh1 exd5 18. exd5 Rae8 19. Bd3 h5 20. Rxe8 Rxe8 21. Nf2 Qe7 22. Rd1 Be3 23. Qe1 f5 24. Bf1 Kf7 25. Rd3 c4 26. Rd1 h4 27. g3 hxg3 28. hxg3 Bc8 29. Bh3 Bd7 30. Kg2 a5 31. Qf1 b4 32. axb4 axb4 33. Nb1 Qg5 34. Nh1 Qf6 35. c3 Na4 36. Qe2 Bh6 37. Qc2 b3 38. Qf2 Nc5 39. f4 Nd3 40. Qd2 Bxf4 41. gxf4 Re2+ 42. Qxe2 Nxf4+ 43. Kf3 Nxe2 44. Kxe2 Qe5+ 45. Kf1 g5 46. Nf2 g4 47. Bg2 f4 48. Re1 Qh5 49. Re4 f3 50. Rf4+ Ke7 51. Bh1 Qxd5 52. Re4+ Kd8 53. Rd4 Qe5 54. Nd2 Qe2+ 55. Kg1 g3 56. Bxf3 Qxf2+ 0-1

[Event "Uljanovsk Povolje op"]
[Site "Uljanovsk"]
[Date "2010.11.19"]
[Round "1"]
[White "Mikeev, Valery"]
[Black "Pirogov, Vyatchslav"]
[Result "0-1"]
[WhiteElo "1893"]
[BlackElo "2396"]
[PlyCount "40"]
[EventDate "2010.11.19"]
[EventType "swiss"]
[EventRounds "9"]
[EventCountry "RUS"]
[SourceTitle "CBM 139 Extra"]
[Source "ChessBase"]
[SourceDate "2011.01.05"]
[SourceVersion "1"]
[SourceVersionDate "2011.01.05"]
[SourceQuality "1"]

1. d4 Nf6 2. c4 e5 3. d5 Bc5 4. e3 d6 5. Nc3 0-0 6. Qc2 a5 7. a4 Na6 8. Nf3 Re8 9. h3 e4 10. Nd2 Bf5 11. Be2 Nb4 12. Qd1 h6 13. Nb3 Nd7 14. 0-0 Ne5 15. Nxc5 dxc5 16. b3 Ra6 17. f3 Rg6 18. Kh2 Qh4 19. g4 exf3 20. Bxf3 Bxg4 0-1

[Event "Uljanovsk-ch"]
[Site "Uljanovsk"]
[Date "2010.03.27"]
[Round "7"]
[White "Mikeev, Valery"]
[Black "Konopkin, Alexey"]
[Result "0-1"]
[WhiteElo "1895"]
[BlackElo "1959"]
[PlyCount "103"]
[EventDate "2010.03.13"]
[EventType "swiss"]
[EventRounds "9"]
[EventCountry "RUS"]
[SourceTitle "EXT 2012"]
[Source "ChessBase"]
[SourceDate "2011.11.24"]
[SourceVersion "1"]
[SourceVersionDate "2011.11.24"]
[SourceQuality "1"]

1. d4 d5 2. c4 e6 3. Nc3 Nf6 4. Bg5 Be7 5. Nf3 c6 6. e3 0-0 7. Bd3 h6 8. Bh4 Nbd7 9. 0-0 Re8 10. Rc1 dxc4 11. Bxc4 Nd5 12. Bxe7 Qxe7 13. e4 Nxc3 14. Rxc3 e5 15. Qb3 exd4 16. Nxd4 Ne5 17. Be2 Ng4 18. Rf3 Rf8 19. Rf4 Qe5 20. Qg3 Nf6 21. Nf5 Bxf5 22. Rxf5 Qxg3 23. fxg3 Nxe4 24. R5f4 Rae8 25. Bc4 Nf6 26. Rd1 Re7 27. g4 Rfe8 28. h4 Re1+ 29. Rxe1 Rxe1+ 30. Kf2 Re4 31. Kf3 Rxf4+ 32. Kxf4 Kf8 33. Kf5 Ke7 34. g5 hxg5 35. hxg5 Nd7 36. b4 Nb6 37. Bb3 f6 38. gxf6+ gxf6 39. Be6 Nd5 40. Bxd5 cxd5 41. a4 a6 42. g4 b6 43. g5 fxg5 44. Kxg5 Ke6 45. Kf4 Kf6 46. Ke3 Ke5 47. Kd3 d4 48. Kd2 Ke4 49. Ke2 d3+ 50. Kd2 Kd4 51. b5 a5 52. Kd1 0-1

[Event "Uljanovsk op"]
[Site "Uljanovsk"]
[Date "2010.01.10"]
[Round "9"]
[White "Mikeev, Valery"]
[Black "Chepenko, Anton"]
[Result "0-1"]
[WhiteElo "1913"]
[BlackElo "1821"]
[PlyCount "60"]
[EventDate "2010.01.04"]
[EventType "swiss"]
[EventRounds "9"]
[EventCountry "RUS"]
[SourceTitle "CBM 134 Extra"]
[Source "ChessBase"]
[SourceDate "2010.03.03"]
[SourceVersion "1"]
[SourceVersionDate "2010.03.03"]
[SourceQuality "1"]

1. d4 d5 2. Nc3 Nf6 3. Bg5 Bf5 4. Bxf6 exf6 5. a3 c6 6. e3 Bd6 7. Nf3 h6 8. Bd3 Bxd3 9. Qxd3 0-0 10. 0-0-0 b5 11. e4 b4 12. axb4 Bxb4 13. e5 Nd7 14. Nb1 fxe5 15. dxe5 Re8 16. c3 Bf8 17. Rhe1 Nc5 18. Qf5 Rb8 19. Nd4 Qb6 20. Re2 Qa6 21. Rdd2 Ne4 22. Rc2 c5 23. Nf3 c4 24. g4 g6 25. Qf4 Nc5 26. Kd1 Qa1 27. Nfd2 Rxb2 28. Rxb2 Qxb2 29. Qd4 Nd3 30. Re3 Qc1+ 0-1

[Event "Uljanovsk op"]
[Site "Uljanovsk"]
[Date "2010.01.04"]
[Round "2"]
[White "Goncharov, Evgeniy"]
[Black "Mikeev, Valery"]
[Result "0-1"]
[WhiteElo "1750"]
[BlackElo "1913"]
[PlyCount "134"]
[EventDate "2010.01.04"]
[EventType "swiss"]
[EventRounds "9"]
[EventCountry "RUS"]
[SourceTitle "CBM 134 Extra"]
[Source "ChessBase"]
[SourceDate "2010.03.03"]
[SourceVersion "1"]
[SourceVersionDate "2010.03.03"]
[SourceQuality "1"]

1. d4 Nf6 2. c4 g6 3. Nc3 Bg7 4. e4 d6 5. Be2 0-0 6. Bg5 Nbd7 7. Qd2 c6 8. Nf3 Qa5 9. 0-0 Re8 10. Bh6 e5 11. Bxg7 Kxg7 12. a3 Qb6 13. b4 exd4 14. Nxd4 Nxe4 15. Nxe4 Rxe4 16. Rad1 Nf6 17. Bf3 Re5 18. b5 d5 19. cxd5 cxd5 20. Qf4 Re7 21. h4 Qc7 22. Qd2 h5 23. Rfe1 Rxe1+ 24. Rxe1 Qd6 25. Nc2 Be6 26. Qd4 Rc8 27. Ne3 Qc5 28. Qe5 d4 29. Qxc5 Rxc5 30. Nf1 Rxb5 31. Rd1 Bd5 32. Rxd4 Bxf3 33. gxf3 Rb3 34. Ra4 a6 35. Ne3 Nd7 36. Kg2 Nc5 37. Rc4 b6 38. Nd5 Nd3 39. Rc6 Rxa3 40. Rxb6 Ne1+ 41. Kf1 Nxf3 42. Nc7 a5 43. Ne8+ Kf8 44. Nd6 Nxh4 45. Rb7 Rf3 46. Ra7 Rf6 47. Ne4 Rf4 48. Nc5 Nf5 49. Rxa5 Ke7 50. Ra7+ Kd6 51. Nd3 Rd4 52. Ke2 f6 53. Ra6+ Ke7 54. Nc5 Kf7 55. Ra7+ Ne7 56. Ke3 Rd5 57. Ne4 Re5 58. f4 Rd5 59. Nc3 Rd8 60. Ke4 Ke6 61. Nb5 f5+ 62. Ke3 Nd5+ 63. Kf3 Nc3 64. Ra6+ Kf7 65. Nd6+ Ke7 66. Nc4 Rd3+ 67. Ne3 Nd5 0-1

[Event "Uljanovsk Cup"]
[Site "Uljanovsk"]
[Date "2009.12.13"]
[Round "6"]
[White "Mikeev, Valery"]
[Black "Goncharov, Evgeniy"]
[Result "1-0"]
[WhiteElo "1913"]
[BlackElo "1750"]
[PlyCount "57"]
[EventDate "2009.12.05"]
[EventType "swiss"]
[EventRounds "9"]
[EventCountry "RUS"]
[SourceTitle "EXT 2012"]
[Source "ChessBase"]
[SourceDate "2011.11.24"]
[SourceVersion "1"]
[SourceVersionDate "2011.11.24"]
[SourceQuality "1"]

1. e4 c6 2. d4 d5 3. Nc3 g6 4. e5 Bg7 5. Be3 h5 6. Qd2 Nh6 7. Bd3 Nf5 8. Bxf5 Bxf5 9. Nge2 Nd7 10. Ng3 Be6 11. h4 c5 12. dxc5 Nxe5 13. Bd4 Nc4 14. Qf4 Bxd4 15. Qxd4 f6 16. 0-0 0-0 17. f4 Na5 18. Rad1 Nc6 19. Qd3 Bf7 20. Nxd5 Qa5 21. Qe3 Qxa2 22. Nxe7+ Nxe7 23. Qxe7 Qxb2 24. Rd6 Qxc2 25. Ne4 f5 26. Nf6+ Kg7 27. Nxh5+ Kh7 28. Rxg6 Rfe8 29. Rh6+ 1-0

[Event "Uljanovsk op"]
[Site "Uljanovsk"]
[Date "2009.08.30"]
[Round "9"]
[White "Mikeev, Valery"]
[Black "Shamshetdinov, Rjastam"]
[Result "0-1"]
[WhiteElo "1919"]
[BlackElo "2107"]
[PlyCount "88"]
[EventDate "2009.08.26"]
[EventType "swiss"]
[EventRounds "9"]
[EventCountry "RUS"]
[SourceTitle "CBM 132 Extra"]
[Source "ChessBase"]
[SourceDate "2009.11.03"]
[SourceVersion "1"]
[SourceVersionDate "2009.11.03"]
[SourceQuality "1"]

1. e4 d5 2. exd5 Nf6 3. d4 Nxd5 4. Nc3 g6 5. Bc4 Nb6 6. Bd3 Bg7 7. Be3 Nc6 8. Nf3 0-0 9. Be2 Bf5 10. a3 a6 11. 0-0 Qd7 12. Qd2 Rad8 13. Rad1 Qc8 14. Qc1 Bg4 15. d5 Bxf3 16. Bxf3 Ne5 17. Be2 Nec4 18. Bf3 Nxb2 19. Qxb2 Na4 20. Qb4 Nxc3 21. Rd3 Nb5 22. c4 Nd6 23. Rb3 b6 24. c5 bxc5 25. Qxc5 Nf5 26. Rc1 Be5 27. Bg4 Qd7 28. Qa5 Qxd5 29. Qxd5 Rxd5 30. Bxf5 gxf5 31. g3 Rfd8 32. Kg2 Rd3 33. Rxd3 Rxd3 34. a4 Rc3 35. Rd1 Bd6 36. Rd5 e6 37. Rd4 Ra3 38. Rc4 Kf8 39. Bh6+ Ke7 40. Bc1 Ra1 41. h4 e5 42. Kf3 Ke6 43. h5 e4+ 44. Ke3 c5 0-1